Noem minimaal 20 vakken of vak delen die je op school krijgt - Statistieken

Algemene statistieken
  • Deze quiz is 55 keer genomen
  • De gemiddelde score is 13 van 25
Antwoordstatistieken
Antwoord % Correct
Frans
98%
Nederlands
98%
Engels
95%
Wiskunde
95%
Duits
93%
Geschiedenis
86%
Natuurkunde
86%
Biologie
84%
Scheikunde
81%
Aardrijkskunde
79%
Gym
70%
Economie
60%
Maatschappijleer
53%
Tekenen
51%
Muziek
44%
Godsdienst
37%
Handvaardigheid
37%
Techniek
37%
Rekenen
33%
Lichamelijke opvoeding
14%
Informatiekunde
5%
Verkeer
5%
Verzorging
5%
Culturele vorming
0%
Staatsinrichting
0%
Geen overeenkomende quizzen gevonden
Scoreverdeling
Procent van Mensen met Elke Score
Percentiel versus Aantal Correcte Antwoorden
Uw Scoregeschiedenis
U heeft deze quiz nog niet genomen